| 000 | 00975nam a2200289 a 4500 | ||
|---|---|---|---|
| 003 | DO-SdBNP | ||
| 005 | 20250217092805.0 | ||
| 007 | ta | ||
| 008 | 220331e1991 dr ||||gr|||| 001 0 spa d | ||
| 020 | _a9789945903997 | ||
| 040 |
_aDO-SdBNP _bspa _cBNPHU |
||
| 082 | 4 |
_222 _bJ91c |
|
| 100 | 1 |
_aJuanes, Benigno _d1916-2009 _9442 |
|
| 245 | 1 | 0 |
_aComponentes básicos de la renovación / _bBenigno Juanes; Presentación, Ramón de la Rosa y Carpio |
| 260 |
_aSanto Domingo : _bAmigo del Hogar, _c1991 |
||
| 300 |
_a327 p. ; _c22 cm. |
||
| 490 | _aTorrentes : | ||
| 490 |
_aGuia para la Renovacion Catolica; _v2 |
||
| 500 | _aIncluye bibliografía y notas al pié de páginas. | ||
| 590 | _aInventariado 2022 / MF | ||
| 650 | 4 |
_9666 _aMovimiento Carismático _zRepública Dominicana |
|
| 650 | 4 |
_9667 _aRenovación Carismática |
|
| 830 |
_974737 _aTorrentes ; _lspa |
||
| 830 |
_aGuia para la Renovacion Catolica ; _lspa _n2 _981394 |
||
| 910 | _aMFeliz | ||
| 942 |
_2ddc _cLBS1 |
||
| 999 |
_c51442 _d51442 |
||